000 01086nmm a2200325 a 4500
001 ocm0002348235
003 TR-IsHL
005 20201028190005.0
008 191222s2019 tu tur
007 cr cn
020 _a978605778603
035 _a2348235
_b(N$T)
050 0 4 _aDS51.B57
_bK59 2019
090 0 4 _aDS51.B57
_bK59 2019
100 1 _aKızgut, Rahim
245 1 0 _aEskiçağ tarihinde Kolkhis bölgesi
_h[electronic resource] /
_cRahim Kızgut
250 _a1. Baskı
260 _aKonya :
_bEğitim Yayınevi,
_c2019
300 _a222 p.
500 _aKaynakça sayfa: 152-165
650 4 _aTarih
650 4 _aHistory
650 0 _aKolkhis Krallığı
650 0 _aBlack Sea Coast (Turkey)
_x History
650 0 _aKaradeniz kıyısı (Türkiye)
_x Tarih
650 0 _aKaradeniz kıyısı (Türkiye)
_x Eski eserler
650 0 _aBlack Sea Coast (Turkey)
_x Antiquities
650 7 _aHISTORY / Russia & the Former Soviet Union
_2bisacsh
856 4 0 _uhttp://search.ebscohost.com/login.aspx?direct=true&scope=site&db=e011xww&AN=2348235
999 _c21715
_d21715